Redewendungen - Statistiken

Allgemein
  • Dieses Quiz wurde 819 mal gespielt
  • Das Durchschnittsergebnis liegt bei 5 aus 26
Antwortstatistiken
Hint Antwort % Korrekt
kein Blatt... vor den Mund nehmen
80%
nicht alle Tassen.... im Schrank haben
76%
die Spreu... vom Weizen trennen
59%
den Teufel... an die Wand malen
50%
ein Brett vor dem Kopf haben
34%
Perlen vor die Säue werfen
24%
von der ...... leben Hand in den Mund
24%
sich aus dem... Staub machen
20%
gegen den Strom schwimmen
18%
das Herz auf... der Zunge tragen
16%
eine lange... Leitung haben
16%
jemandem Sand... in die Augen streuen
15%
wie ein.... vor dem Berg stehen Esel
9%
kein... sein Frosch
8%
jemandem auf den Leim gehen
6%
sich die ..... Haare raufen
4%
unter die .... Haube kommen
3%
jemandem die.... Augen öffnen
2%
jemandem einen ... Denkzettel verpassen
2%
jemandem einen... Denkzettel verpassen
2%
für jemanden ... eine Lanze brechen
2%
das beste .... Pferd im Stall sein
2%
in der .... Tinte sitzen
2%
jemandem den Kopf waschen
1%
einen ..... Korb bekommen
1%
von etwas Wind bekommen
1%
Keine übereinstimmenden Quizze gefunden
Verteilung der Resultate
Anzahl Personen mit jedem Resultat
Perzentil nach korrekt beantworteten Fragen
Ihre Resultats-Entwicklung
Sie haben dieses Quiz noch nicht gespielt